Vibrations Balakumar Balachandran and Edward B. Magrad.

Αποθηκεύτηκε σε:
Λεπτομέρειες βιβλιογραφικής εγγραφής
Κύριος συγγραφέας: Balachandran, B. (Balakumar)
Άλλοι συγγραφείς: Magrab, Edward B.
Μορφή: Βιβλίο
Γλώσσα:English
Δημοσίευση: Belmont, CA : Thomson Brooks/Cole, c2004.
Θέματα:
Ετικέτες: Προσθήκη ετικέτας
Δεν υπάρχουν, Καταχωρήστε ετικέτα πρώτοι!

MARC

LEADER 00000nam a2200000 a 4500
001 1/127369
008 230928t2004####cau| | ||| |||| ||eng||
020 |a 0534395104   |q (σκληρό εξώφυλλο)  
040 |a GR-MyUa  |b gre  |c GR-MyUa  |e AACR2 
041 0 |a eng 
082 7 |a 620.30151   |2 (23)  
100 1 |a Balachandran, B. (Balakumar) 
245 1 0 |a Vibrations /   |b Balakumar Balachandran and Edward B. Magrad.  
260 |a Belmont, CA :   |b Thomson Brooks/Cole,   |c c2004.  
300 |a xvi, 582 σ. :   |b διαγρ.,   |c 24 εκ.  
504 |a Ευρετήριο: σ. 575-582.  
650 0 |a Vibration. 
650 0 |a Vibration   |x Mathematical models. 
700 1 |a Magrab, Edward B. 
852 |a INST  |b CHIOS  |e 20230928  |h 620.30151 BAL  |p 005200040418  |q 005200040418  |t BK  |y 0 
970 |a Σπέντζα  |b Ελένη  |z 28-09-2023